Literature - American | 1 | 2 | 0 | 0 | 35 | 34 | 84.00 | 0 | 1 |
Other - Other Academic and General Knowledge | 1 | 2 | 0 | 0 | 35 | 47 | 88.33 | 0 | 0 |
Fine Arts - Music | 0 | 3 | 0 | 0 | 30 | 96 | 104.67 | 0 | 0 |
History - Cross, Historiography, and Miscellaneous | 0 | 3 | 0 | 0 | 30 | 84 | 92.67 | 0 | 0 |
Social Science - Psychology | 1 | 1 | 0 | 0 | 25 | 39 | 51.00 | 0 | 1 |
Science - Chemistry | 0 | 2 | 0 | 0 | 20 | 93 | 108.00 | 0 | 0 |
RMP - World Mythology | 1 | 0 | 0 | 0 | 15 | 58 | 58.00 | 0 | 0 |
Fine Arts - Jazz | 0 | 1 | 0 | 0 | 10 | 109 | 109.00 | 0 | 0 |
Fine Arts - Miscellaneous | 0 | 1 | 0 | 0 | 10 | 109 | 109.00 | 0 | 0 |
Geography - Europe | 0 | 1 | 0 | 0 | 10 | 59 | 59.00 | 0 | 1 |
Geography - World | 0 | 1 | 0 | 0 | 10 | 64 | 64.00 | 0 | 0 |
History - World | 0 | 1 | 0 | 0 | 10 | 118 | 118.00 | 0 | 0 |
Literature - World and Miscellaneous | 0 | 1 | 0 | 0 | 10 | 122 | 122.00 | 0 | 0 |
RMP - Jewish Practice | 0 | 1 | 0 | 0 | 10 | 70 | 70.00 | 0 | 0 |
Science - Biology | 0 | 1 | 0 | 0 | 10 | 107 | 107.00 | 0 | 0 |
Science - Engineering and Miscellaneous | 0 | 1 | 0 | 0 | 10 | 82 | 82.00 | 0 | 0 |
History - European | 0 | 0 | 0 | 0 | 0 | | 0.00 | 0 | 0 |
Science - Math | 0 | 0 | 0 | 0 | 0 | | 0.00 | 0 | 0 |
History - American | 0 | 0 | 0 | 0 | 0 | | 0.00 | 0 | 0 |
Literature - European | 0 | 0 | 0 | 0 | 0 | | 0.00 | 0 | 0 |
RMP - Greco-Roman Mythology | 0 | 0 | 0 | 0 | 0 | | 0.00 | 0 | 0 |
Fine Arts - Painting | 0 | 0 | 0 | 0 | 0 | | 0.00 | 0 | 0 |